| 000 | 01314nac a22002891i 4500 | ||
|---|---|---|---|
| 003 | EG-ScBUE | ||
| 005 | 20240715094837.0 | ||
| 008 | 121015s1987 ua f b 001 0dara d | ||
| 017 | _a1987 / 5440 | ||
| 020 | _a9770114936 | ||
| 040 |
_aEG-ScBUE _bara _erda _cEG-ScBUE _dEG-ScBUE |
||
| 043 | _af-ua--- | ||
| 082 | 0 | 4 |
_a962.03 _bأ ح م _222 |
| 100 | 1 |
_aأحمد، ليلى عبد اللطيف، _eمؤلف. _931116 |
|
| 245 | 1 | 2 |
_aالصعيد في عهد شيخ العرب همام / _cدكتورة ليلى عبد اللطيف أحمد، أستاذ التاريخ الحديث والمعاصر المساعد بكلية الدراسات الإنسانية، جامعة الأزهر، فرع البنات. |
| 264 | 1 |
_aالقاهرة : _bالهيئة المصرية العامة للكتاب، _c1987. |
|
| 300 |
_a204 صفحة : _bإيضاحيات ؛ _c24 سم. |
||
| 336 |
_2rdacontent _aنص _btxt |
||
| 337 |
_aبدون وسيط _2rdamedia _bn |
||
| 338 |
_aمجلد _bnc _2rdacarrier |
||
| 490 | 0 | _aالمكتبة العربية | |
| 504 | _aيشتمل على إرجاعات ببليوجرافية وكشافات. | ||
| 600 | 0 | 7 |
_aهمام بن يوسف، _dت. 1183 هـ.. _2BUEsh |
| 651 | 7 |
_aمصر _xتاريخ _yالعصر العثماني. _2BUEsh _931119 |
|
| 655 | _vReading book | ||
| 942 |
_cBB _2ddc |
||
| 999 |
_c6223 _d6223 |
||